| 000 -LEADER |
| fixed length control field |
00644nam a22001937a 4500 |
| 005 - DATE AND TIME OF LATEST TRANSACTION |
| control field |
20231207163034.0 |
| 008 - FIXED-LENGTH DATA ELEMENTS--GENERAL INFORMATION |
| fixed length control field |
231207s1972 ru ||||| |||| 00| 0 rus d |
| 041 ## - LANGUAGE CODE |
| Language code of text/sound track or separate title |
rus |
| 080 ## - UNIVERSAL DECIMAL CLASSIFICATION NUMBER |
| Universal Decimal Classification number |
7(082.1) M-69 |
| 100 ## - MAIN ENTRY--PERSONAL NAME |
| Personal name |
Михаловский, К. |
| 9 (RLIN) |
20627 |
| 245 ## - TITLE STATEMENT |
| Title |
Луксор / |
| Statement of responsibility, etc. |
К. Михаловский. |
| 264 ## - PRODUCTION, PUBLICATION, DISTRIBUTION, MANUFACTURE, AND COPYRIGHT NOTICE |
| Place of production, publication, distribution, manufacture |
Варшава : |
| Name of producer, publisher, distributor, manufacturer |
Аркады, |
| Date of production, publication, distribution, manufacture, or copyright notice |
1972. |
| 300 ## - PHYSICAL DESCRIPTION |
| Extent |
78 c.: |
| Other physical details |
ил. ; |
| Dimensions |
29 см. |
| 440 ## - SERIES STATEMENT/ADDED ENTRY--TITLE |
| Title |
Искусство и культура древнего мира |
| 9 (RLIN) |
20603 |
| 653 ## - INDEX TERM--UNCONTROLLED |
| keyword |
არქეოლოგია |
| 653 ## - INDEX TERM--UNCONTROLLED |
| keyword |
ლუქსორი |
| 653 ## - INDEX TERM--UNCONTROLLED |
| keyword |
ეგვიპტე |
| 942 ## - ADDED ENTRY ELEMENTS (KOHA) |
| Source of classification or shelving scheme |
|
| Koha item type |
წიგნი |